000
00205 a2200097 4500
020
_a
9789582407148
041
_a
spa
100
_a
Miryam Dionicio Torres
245
_a
Herramientas Del Lenguaje
942
_c
BK
999
_c
15333
_d
15333